Datum a čas kvízu
20.5
Celkem bodů
Celkový počet nahraných bodů na tomto kvízu bez doplňovacích otázek.
16.
Pořadí na kvízu
Konečné umístění týmu na tomto kvízu.
Zaznamenané odpovědi
| # | Otázka | Odpověď | Body | Výsledky |
|---|---|---|---|---|
| 1. | Ručně a stručně vyřešila své p... | v Brně | 0 | |
| 2. | O nebývalý rozruch se na newyo... | A) mýval | 0 | |
| 3. | Který bývalý člen kanceláře pr... | Jiří Ovčáček | 0 | |
| 4. | Minulý týden jsme se dozvěděli... | 5 000 Kčs | 1 | |
| 5. | Minulý týden se na sociálních... | Zachytil se (kopačkou) do sítě. | 0 | |
| 6. | Napište názvy dvou filmů Zacka... | 300: Bitva u Thermopyl, 300: Vzestup říše | 0.5 | |
| 7. | Režisér a scenárista Otakar Vá... | Proti všem | 0 | |
| 8. | Německý film režiséra Edwarda... | Na západní frontě klid, Erich Maria Remarque | 0.5 | |
| 9. | Protektor je film režiséra Mar... | Jana Plodková, Marek Daniel | 0 | |
| 10. | Napište název filmu, z něhož p... | Nepřítel před branami | 0 |